Carregant...

Advances in Genetics : Vol. 6

Dades bibliogràfiques
Autor principal: M Demerec
Format: Printed Book
Idioma:Undetermined
Publicat: Academic Press 1954
Newyork
Matèries:
LEADER 00605nam a2200217Ia 4500
008 141122s9999 xx 000 0 und d
040 |c . 
041 |a English 
082 |a 576.5 
082 |b DEM/AD.6 
100 |a M Demerec 
245 |a Advances in Genetics : Vol. 6 
245 |c M Demerec 
260 |b Academic Press 
260 |b Newyork  
260 |c 1954 
300 |a 488 Pages 
650 |a Genetics 
942 |c BK 
999 |c 11090  |d 11090 
952 |0 0  |1 0  |4 0  |6 576_500000000000000_DEMAD_6  |7 0  |9 10986  |a COVAS  |b COVAS  |d 0000-00-00  |l 1  |m 1  |o 576.5 DEM/AD.6  |p 1526  |r 2018-01-01  |s 2015-05-29  |w 2014-11-26  |y BK